[Event "Topusko op 5th"]
[Site "Topusko"]
[Date "2016.08.11"]
[Round "7"]
[White "Hodnikovic, Nenad"]
[Black "Djulic, Samir"]
[Result "0-1"]
[WhiteElo "1657"]
[BlackElo "2000"]
[PlyCount "136"]
[EventDate "2016.08.06"]
[EventType "swiss"]
[EventRounds "9"]
[EventCountry "CRO"]
[SourceTitle "CBM 173 Extra"]
[Source "ChessBase"]
[SourceDate "2016.08.29"]
[SourceVersion "1"]
[SourceVersionDate "2016.08.29"]
[SourceQuality "1"]

1. e4 e6 2. d4 Nf6 3. Bd3 d5 4. e5 Nfd7 5. Nd2 c5 6. c3 Nc6 7. Ne2 Qb6 8. Nf3 cxd4 9. cxd4 Nb4 10. Bb1 Be7 11. 0-0 Nc6 12. a3 Na5 13. Bc2 Qd8 14. b3 Nb6 15. Qd3 Bd7 16. Bd2 Nc6 17. Ng3 a6 18. Rfc1 h5 19. h3 Nc8 20. Ne2 N8a7 21. Nf4 Nb5 22. b4 Nba7 23. Ba4 Nc8 24. Rc3 b5 25. Bc2 Nb6 26. Ng6 Rg8 27. Nf4 Rh8 28. Bc1 Rc8 29. Rb1 Na7 30. Rcb3 Qc7 31. Ne1 Nc4 32. Qf3 Nc6 33. Be3 Qa7 34. Rd1 a5 35. Nxh5 Bf8 36. Qg4 axb4 37. Nxg7+ Kd8 38. axb4 Nxb4 39. Bg5+ Kc7 40. Bf6 Qa2 41. Rc3 Qb2 42. Qg3 Rg8 43. Rb3 Qa2 44. Bh7 Qe2 45. Rbb1 Bxg7 46. Bxg8 Rxg8 47. Bxg7 Nc6 48. Nf3 b4 49. Re1 Qd3 50. Nh4 Qh7 51. Nf5 Qxf5 52. Qh4 Rxg7 53. Ra1 Nd2 54. Qh8 Qg5 55. g3 Rg8 56. Qh7 Nf3+ 57. Kf1 Nxe1 58. Kxe1 Qg6 59. Qh4 Qe4+ 60. Qxe4 dxe4 61. Kd2 Kb6 62. Ke3 Kb5 63. Kxe4 Kc4 64. Rc1+ Kb3 65. Kd3 Kb2 66. Rc2+ Ka3 67. Ke4 Ne7 68. Ke3 Rc8 0-1

[Event "Topusko op 5th"]
[Site "Topusko"]
[Date "2016.08.10"]
[Round "6"]
[White "Djulic, Samir"]
[Black "Runje, Andrija"]
[Result "0-1"]
[WhiteElo "2000"]
[BlackElo "2053"]
[PlyCount "90"]
[EventDate "2016.08.06"]
[EventType "swiss"]
[EventRounds "9"]
[EventCountry "CRO"]
[SourceTitle "CBM 173 Extra"]
[Source "ChessBase"]
[SourceDate "2016.08.29"]
[SourceVersion "1"]
[SourceVersionDate "2016.08.29"]
[SourceQuality "1"]

1. d4 Nf6 2. Nf3 g6 3. c4 c5 4. d5 e6 5. Nc3 exd5 6. Nxd5 d6 7. Bg5 Bg7 8. Qa4+ Nc6 9. e3 0-0 10. Be2 h6 11. Bh4 g5 12. Bg3 Nxd5 13. cxd5 Bxb2 14. Rd1 Bc3+ 15. Nd2 Ne7 16. Qb3 Bg7 17. e4 Ng6 18. Nc4 Ne5 19. 0-0 Qe7 20. f4 Nxc4 21. Qxc4 a6 22. a4 b5 23. axb5 axb5 24. Qc2 Bd7 25. Rfe1 gxf4 26. Bxf4 Ra4 27. Bf3 Rfa8 28. Qf2 Kh8 29. Qf1 Be5 30. Bh5 Rf8 31. Qf3 Qf6 32. Bxe5 Qxe5 33. Qe2 Rd4 34. Rb1 f5 35. Qe3 f4 36. Qe2 Rg8 37. Bf7 Rg7 38. Bh5 Kh7 39. Bf3 c4 40. Qa2 b4 41. Qa5 c3 42. Qd8 Qg5 43. Qf8 Rd2 44. Qxd6 Rxg2+ 45. Kh1 Rxh2+ 0-1

[Event "Topusko op 5th"]
[Site "Topusko"]
[Date "2016.08.06"]
[Round "1"]
[White "Takac, Zvonko"]
[Black "Djulic, Samir"]
[Result "1-0"]
[WhiteElo "1999"]
[BlackElo "2000"]
[PlyCount "41"]
[EventDate "2016.08.06"]
[EventType "swiss"]
[EventRounds "9"]
[EventCountry "CRO"]
[SourceTitle "CBM 173 Extra"]
[Source "ChessBase"]
[SourceDate "2016.08.29"]
[SourceVersion "1"]
[SourceVersionDate "2016.08.29"]
[SourceQuality "1"]

1. d4 e6 2. e4 Nf6 3. e5 Nd5 4. c4 Nb6 5. Nc3 d5 6. c5 N6d7 7. Bd3 b6 8. b4 a5 9. cxb6 Bxb4 10. Nge2 Nxb6 11. 0-0 Ba6 12. a4 Bxd3 13. Qxd3 Nc4 14. f4 Nd7 15. f5 0-0 16. Qg3 Kh8 17. Bg5 Be7 18. Bxe7 Qxe7 19. Nf4 Rg8 20. fxe6 fxe6 21. Ng6+ 1-0